| 000 | 00462nam a2200169Ia 4500 | ||
|---|---|---|---|
| 005 | 20260122095445.0 | ||
| 008 | 260121s9999||||xx |||||||||||||| ||und|| | ||
| 020 | _a9783319799988 | ||
| 082 |
_a338.04 _bDAV |
||
| 100 | _aDavidsson, Per | ||
| 245 | 0 |
_aResearch entrepreneurship : _bconceptualization and design / |
|
| 250 | _a2nd ed. | ||
| 260 |
_aNew York _bSpringer, _c2016. |
||
| 300 | _axiv, 300p.; pbk | ||
| 650 | _aResearch entrepreneurship | ||
| 942 | _cTB | ||
| 999 |
_c47936 _d47936 |
||